| 000 | 01083nam a22003015a 4500 | ||
|---|---|---|---|
| 008 | 080805t2004 -us||||fr|||| 00| 0 eng d | ||
| 020 | _a0194366340 | ||
| 020 | _a9780194366342 (Student Book with CDs pack) | ||
| 020 | _a9780194365710 | ||
| 020 | _a0194365719 | ||
| 020 | _a0194378144 ( CD-Rom) : | ||
| 040 |
_aEG-ScBUE _beng _cEG-ScBUE |
||
| 082 | 0 | 4 |
_a428.24 _bPAV _222 |
| 100 | 1 |
_aPavlik, Cheryl _913887 |
|
| 245 | 1 | 0 |
_aGrammar sense 2 : _cCheryl Pavlik ; Series Director Susan Kesner Bland |
| 246 | 3 | _aGrammar sense two | |
| 260 |
_aNew York : _bOxford University Press, _cc.2004. |
||
| 300 |
_axvi, 422 p.; _bill.; _c24 cm. + _e2 CD-ROM (4 3/4 in.) |
||
| 440 |
_aGrammar Sense _n2 ; _913888 |
||
| 500 | _aIncludes index and Glossary | ||
| 590 | _ayassmeen ashraf | ||
| 650 | 0 |
_aEnglish language _vTextbooks for foreign speakers. _913889 _2BUEsh |
|
| 650 | 0 |
_aEnglish language _xGrammar _vProblems, exercises, etc. _913890 _2BUEsh |
|
| 651 | _2BUEsh | ||
| 653 |
_bEEENG _cAugust2015 |
||
| 700 |
_aBland, Susan Kesner _913891 |
||
| 942 |
_cBB _k428.24 PAV _2ddc |
||
| 999 |
_c9182 _d9182 |
||